Zur strafrechtlichen Behandlung der Heranwachsenden

Gespeichert in:  
Bibliographische Detailangaben
1. VerfasserIn: Loesch, Alwin (Verfasst von)
Medienart: Druck Buch
Sprache:Deutsch
Veröffentlicht: Köln Heymann 1954
In: Schriften des Fliedner-Vereins (6)
Jahr: 1954
Bestand in Albert-Krebs Bibliothek:PF.10.006
2003-1061
Verfügbarkeit prüfen: HBZ Gateway
Subito Bestelldienst: Jetzt bestellen.
Schlagwörter:

MARC

LEADER 00000cam a22000002c 4500
001 116682571X
003 DE-627
005 20221116110721.0
007 tu
008 020205s1954 xx ||||| 00| ||ger c
035 |a (DE-627)116682571X 
035 |a (DE-576)096825715 
035 |a (DE-599)BSZ096825715 
040 |a DE-627  |b ger  |c DE-627  |e rakwb 
041 |a ger 
084 |a 2,1  |2 ssgn 
100 1 |a Loesch, Alwin  |4 aut 
245 1 0 |a Zur strafrechtlichen Behandlung der Heranwachsenden  |c A. Loesch 
264 1 |a Köln  |b Heymann  |c 1954 
300 |a 7 S. 
336 |a Text  |b txt  |2 rdacontent 
337 |a ohne Hilfsmittel zu benutzen  |b n  |2 rdamedia 
338 |a Band  |b nc  |2 rdacarrier 
490 1 |a Schriften des Fliedner Vereins  |v 6 
500 |a [Vortrag, gehalten auf einer Versammlung der oberhessischen Mitglieder und Freunde des Fliedner-Vereins in Rockenberg] 
583 1 |a Archivierung prüfen  |c 20200919  |f DE-640  |z 1  |2 pdager 
650 0 7 |0 (DE-588)4057795-8  |0 (DE-627)106149458  |0 (DE-576)209123737  |a Strafrecht  |2 gnd 
650 0 7 |0 (DE-588)4072431-1  |0 (DE-627)10609520X  |0 (DE-576)209186984  |a Heranwachsender  |2 gnd 
650 4 |a Strafrecht  |x Heranwachsender  |7 (dpeaa)DE-2619 
810 2 |a Fliedner-Verein Rockenberg  |t Schriften des Fliedner-Vereins  |v 6  |9 6  |w (DE-627)169444848  |w (DE-576)049295381  |w (DE-600)986981-5  |7 am 
889 |w (DE-627)1818605112 
935 |a mkri 
951 |a BO 
ELC |b 1 
LOK |0 000 xxxxxcx a22 zn 4500 
LOK |0 001 4196232728 
LOK |0 003 DE-627 
LOK |0 004 116682571X 
LOK |0 005 20221115204620 
LOK |0 008 221011||||||||||||||||ger||||||| 
LOK |0 035   |a (DE-2619)k03630 
LOK |0 040   |a DE-2619  |c DE-627  |d DE-2619 
LOK |0 092   |o n 
LOK |0 541   |e Bestand Albert-Krebs-Bibliothek: 2003-1061 
LOK |0 852   |a DE-2619 
LOK |0 852 1  |c PF.10.006  |m p  |9 00 
LOK |0 935   |a kreb 
LOK |0 938   |k p 
LOK |0 939   |a 11-10-22  |b l01 
ORI |a SA-MARC-krimdoka001.raw